Science, Philosophy and Culture (Record no. 12251)
[ view plain ]
| 000 -LEADER | |
|---|---|
| fixed length control field | 00439nam a2200169 a 4500 |
| 020 ## - INTERNATIONAL STANDARD BOOK NUMBER | |
| ISBN | 8121589 |
| 082 00 - DEWEY DECIMAL CLASSIFICATION NUMBER | |
| Classification number | 954 |
| Author Cutter | CHA |
| 100 ## - MAIN ENTRY--AUTHOR NAME | |
| Author name | Chattopadhyaya, D P |
| 245 ## - TITLE STATEMENT | |
| Title | Science, Philosophy and Culture |
| 260 ## - PUBLICATION, DISTRIBUTION, ETC. (IMPRINT) | |
| Place of publication | New Delhi |
| Name of publisher | Munshiram Manoharlal Publishers |
| Year of publication | 1996 |
| 500 ## - GENERAL NOTE | |
| General note | includes index and biblioraphy |
| 505 2# - FORMATTED CONTENTS NOTE | |
| Formatted contents note | Index |
| 505 2# - FORMATTED CONTENTS NOTE | |
| Formatted contents note | Index00 |
| 650 ## - SUBJECT ADDED ENTRY--TOPICAL TERM | |
| Topical Term | Indic Studies |
| 942 ## - ADDED ENTRY ELEMENTS (KOHA) | |
| Koha item type | Books |
| 700 1# - | |
| -- | Chattopadhyaya, D P |
| Collection code | Home library | Current library | Shelving location | Date acquired | Cost, normal purchase price | Full call number | Accession Number | Koha item type |
|---|---|---|---|---|---|---|---|---|
| Reference | Henry Martyn Institute Library | Henry Martyn Institute Library | Reference | 11/14/2018 | 1900.00 | 294 CHA P.1 | 018582 | Books |
| Reference | Henry Martyn Institute Library | Henry Martyn Institute Library | Reference | 11/14/2018 | 1900.00 | 294 CHA | 018583 | Books |
